000 00829nam a22002295i 4500
001 166738
003 ES-MaACL
005 20230906213406.0
008 050920s1879 gw | |||||||| ||eng d
040 _aCAM
_bspa
_cCAM
100 1 _aTwain, Mark.
_9111791
245 1 4 _aThe innocents abroad or The new Pilgrims' progress /
_cby Mark Twain.
260 _aLeipzig :
_bBernhard Tauchnitz,
_c1879.
300 _a2 v. (320 ; 335 p.) ;
_c16 cm.
490 1 _aCollection of british authors ;
_v1812 ; 1813
700 1 _aTauchnitz, Bernhard,
_eed.
_9162210
740 4 _aThe new Pilgrims' progress.
752 _aAlemania -
_dLeipzig
830 0 _aCollection of british authors ;
_v1812 ; 1813
_9180703
852 _aES-MaACL
_jG-12871
_z-- Enc. hol., conservando la cub. original
_z-- Enc. 2 t. en 1 v.
999 _c166738
_d166738